000 00289nam a22001337a 4500
003 SGT
082 _a150
_bA13D
100 _aDANDAPANI, S.
245 _aADVANCE EDUCATIONAL PSYCHOLOGY
260 _aNEW DELHI
_bANMOL PUB
_c2013
300 _a1148
650 _aEDUCATION
942 _2ddc
_cBK
999 _c12746
_d12746